000 00634nam a2200229Ia 4500
003 OSt
005 20221007072932.0
006 a|||||r|||| 00| 0
007 ta
008 221006b |||||||| |||| 00| 0 eng d
024 _a9,971
037 _cReference Collections
040 _aFLL
_cFLL
_beng
041 _2eng
_aeng
082 _aZ(Q7), L6
100 _aAnderson Norman Au.
_9689420
245 0 _aLaw reform in the muslim world
260 _aLondon
_bThe athlone press London
_c1976
300 _a235p
_ccm.
942 _hZ(Q7), L6
_cREF
_2CC
999 _c1147312
_d1147312